000 00653nam a22002057a 4500
003 BUBTL
008 240820b ||||| |||| 00| 0 eng d
020 _a9789848792094
082 _a320/ Ah52g/ 2016
100 _94555
_aAhmed, Zulfiquar
245 _aGovernment and Politics /
_cZulfiquar Ahmed
250 _a1st ed.
260 _aDhaka:
_bShams Publications,
_cc2016
300 _a447 p.:
_c22 cm
505 _aGovernment, Purpose of Government, Names of Government, Forms of Government, Attributes of Government, Democracy
650 0 _926
_aLaw
856 _k0
_l0
_yDownload
942 _2ddc
_cBK
999 _c7352
_d7352